| 000 | 01215cam a2200325 a 4500 | ||
|---|---|---|---|
| 001 | 1408781 | ||
| 005 | 20150713134349.0 | ||
| 008 | 840301r19841956nyu b 001 0 eng | ||
| 010 | _a 83091154 | ||
| 020 |
_a0345314271 (pbk.) : _c$9.95 ($12.95 Can) |
||
| 040 |
_aDLC _cDLC _dDLC |
||
| 043 |
_aa-is--- _ae-uk--- |
||
| 050 | 0 | 0 |
_aDS119.8.G7 _bT8 1984 |
| 082 | 0 | 0 |
_a941 _219 |
| 100 | 1 |
_aTuchman, Barbara Wertheim. _917989 |
|
| 245 | 1 | 0 |
_aBible and sword : _bEngland and Palestine from the Bronze Age to Balfour / _cBarbara W. Tuchman. |
| 250 | _a1st Ballantine Books trade ed. | ||
| 260 |
_aNew York : _bBallantine Books, _c1984, c1956. |
||
| 300 |
_axvi, 412 p. ; _c21 cm. |
||
| 500 | _a"Reprinted from the original edition of 1956"--T.p. verso. | ||
| 500 | _aWith new pref. | ||
| 500 | _aIncludes index. | ||
| 504 | _a"Bibliography and notes": p. 351-390. | ||
| 650 | 0 |
_aZionism _xHistory. _917990 |
|
| 651 | 0 |
_aPalestine _xRelations _zGreat Britain. _917991 |
|
| 651 | 0 |
_aGreat Britain _xRelations _zPalestine. _917992 |
|
| 856 | 4 | 2 |
_3Publisher description _uhttp://www.loc.gov/catdir/description/random042/83091154.html |
| 906 |
_a7 _bcbc _corignew _d3 _eopcn _f19 _gy-gencatlg |
||
| 942 |
_2lcc _cMONOGRAPH |
||
| 999 |
_c122882 _d122882 |
||